00568cam a2200217 a 450000500170000000800410001701000150005802000260007303500130009903700130011204000130012508200060013810000170014424500410016126000360020227000810023830000220031965000030034165100030034470000030034720031230185550.0940308s1993 enkab b 001 0 eng  aENG-101675 c295.00a9788184001044 aEN-85208 bDBAD/PUB adplbEng aS1 aRajan,Vithal10aHolmes of the raj /cby Vithal Rajan aNoidabRandom House Indiac2010 aMind Mill Corporate Tower, 2nd Floor, Plot No 24A Sector 16A,bNoidae2013011 a277p.c20cm (pbk) 0